La investigación social del Turismo: Perspectivas y aplicaciones
Պահպանված է:
| Հիմնական հեղինակ: | |
|---|---|
| Ձևաչափ: | Գիրք |
| Լեզու: | իսպաներեն |
| Հրապարակվել է: |
Madrid
Thomson
2007
|
| Խորագրեր: | |
| Ցուցիչներ: |
Ավելացրեք ցուցիչ
Չկան պիտակներ, Եղեք առաջինը, ով նշում է այս գրառումը!
|
MARC
| LEADER | 00000nam a2200000 a 4500 | ||
|---|---|---|---|
| 001 | UCG0849 | ||
| 003 | CL-VaPUC | ||
| 008 | 100408e20070000SP |||||||||||||||||spa|d | ||
| 020 | |a 8497325249 | ||
| 082 | 0 | 4 | |a 338.4791 |b GUT |2 21 |
| 100 | |a Gutiérrez Brito, Jesús |e author |9 571598 | ||
| 245 | 1 | 3 | |a La investigación social del Turismo: Perspectivas y aplicaciones |
| 300 | |a 354 p | ||
| 942 | |c BK | ||
| 945 | |d 20100408 00:00:00 |a dcastane | ||
| 260 | |a Madrid |b Thomson |c 2007 | ||
| 650 | 0 | |a Turismo |9 308920 | |
| 650 | 0 | |a Industria turística |9 347913 | |
| 650 | 0 | |a Investigación social |9 307814 | |
| 583 | |a last modification |c 20131230 05:30:42 |k Rodrigo Vera | ||
| 999 | |c 340367 |d 340365 | ||
| 952 | |0 0 |1 0 |4 0 |6 338_479100000000000_GUT_2007 |7 0 |8 A |9 435013 |a BIBING |b BIBING |d 2019-11-22 |i 4658426 |o 338.4791 GUT 2007 |p 4658426 |r 2025-01-20 |w 2019-11-22 |y BK |k GEO | ||